| 000 | 00660cam a2200217 4500 | ||
|---|---|---|---|
| 005 | 20240313161705.0 | ||
| 008 | 240313t2009 000 0 eng u | ||
| 020 | _a9780414041226 | ||
| 041 | 0 | _aeng | |
| 110 | 2 |
_aJoint Contracts Tribunal _93664 |
|
| 240 | 0 | 0 | _aMW |
| 245 | 0 | 0 |
_aMW _bMinor Works Building Contract 2005, Revision 2009 |
| 250 | _aRevision 2 2009 | ||
| 260 |
_aLondon _bSweet and Maxwell Limited _c2009 |
||
| 300 |
_aii, 46p _c30cm. |
||
| 440 | _aJCT Contracts 2009 | ||
| 650 | 2 | 4 | _aJCT MINOR WORKS BUILDING CONTRACT (2005 EDITION) (REVISION 2009) |
| 651 | 4 | _aUnited Kingdom | |
| 690 |
_aConstruction management _96230 |
||
| 942 |
_n0 _2ddc |
||
| 999 |
_c121842 _d121842 |
||